| 000 | 00668nam a2200181Ia 4500 | ||
|---|---|---|---|
| 008 | 100917s9999 xx 000 0 und d | ||
| 082 | _b47919 | ||
| 100 | _aरजनीश | ||
| 245 | _aशून्याचे भुवनी स्वरूप अविनाश | ||
| 260 |
_bजीवन जागृती केंद्र प्रकाशन _c1979 |
||
| 300 | _a145 | ||
| 365 | _b24 | ||
| 520 | _aनिबंध | ||
| 630 | _aशून्याचे भुवनी स्वरूप अविनाश | ||
| 650 | _aनिबंध | ||
| 730 | _aशून्याचे भुवनी स्वरूप अविनाश | ||
| 942 | _cBOOK | ||
| 999 |
_c653313 _d653310 |
||